000 00385nam a2200157Ia 4500
008 210210b1990 xxu||||| |||| 00| 0 eng d
020 _a5 05 000543 4
082 _a821.7 PUSS
100 _aPUSHKIN (Alexander).
245 _aSelected works poetry.
260 _aMoscow
_bRaduga publishers
_c1990
300 _a247
650 _aPoetry
690 _aEnglish Poetry
906 _a050832
999 _c99095
_d99095